000 00684nam a2200289Ia 4500
005 20260324113731.0
008 008 260324s9999 xx 000 0 eng d
020 _a9781003442318
037 _aEBOOK
040 _aCRL
040 _beng
040 _cCRL
041 _2eng
041 _aeng
084 _qCRL
100 _aMichael Robbins
_91147957
245 4 _aThe Human Difference
245 0 _bEvolution, Civilization – and Destruction
260 _bTaylor and Francis
260 _c2023
365 _a
365 _b205
856 _uhttp://www.taylorfrancis.com/books/9781003442318
942 _cEBOOK
999 _c1737766
_d1737766